000 00715cam a22002293a 4500
001 28268
003 PGUSA
005 20140828083618.0
008 090307s2009||||xxu|||||s|||||000 | eng d
040 _aPGUSA
_beng
042 _adc
050 4 _aDA
100 1 _aLee, Vernon,
_d1856-1935
245 1 4 _aThe Countess of Albany
_h[electronic resource] /
_cVernon Lee
260 _bProject Gutenberg,
_c2009
506 _aPublic domain in the USA.
516 _aElectronic text
653 _aAlbany, Louise Maximiliane Caroline Emanuele, Princess of Stolberg-Gedern, calling herself Countess of, 1752-1824
830 0 _aProject Gutenberg
_v28268
856 4 0 _uhttp://www.gutenberg.org/ebooks/28268
942 _cEB
999 _c257523
_d257523